000 00319nam a22001457a 4500
008 221109b ||||| |||| 00| 0 eng d
020 _a0387967001
041 _aeng
080 _a159.9
082 _a159.9 KAK
100 _a25
101 _aPSI
245 _aINTRODUCTION TO SUPERSTRINGS
_cKAKU M
942 _2udc
_cBK
999 _c58835
_d58835